Dôveryhodnosť a spoľahlivosť elektronického obchodovania bakalárska práca

Guardado en:
Detalles Bibliográficos
Autor principal: Jášek, Adam
Autor Corporativo: Obchodná fakulta EU. Katedra tovaroznalectva a kvality tovaru
Otros Autores: Jurkovičová, Lujza
Formato: Libro
Lenguaje:eslovaco
Publicado: Bratislava 2013
Etiquetas: Agregar Etiqueta
Sin Etiquetas, Sea el primero en etiquetar este registro!

MARC

LEADER 00000nbm a2200000 4500
001 0171265
005 20161109112027.0
041 0 |a slo 
044 |a SK 
245 1 0 |a Dôveryhodnosť a spoľahlivosť elektronického obchodovania  |b bakalárska práca  |c Adam Jášek ; školiteľ: Lujza Jurkovičová 
264 1 |a Bratislava  |c 2013 
300 |a 51 s. 
100 1 |a Jášek, Adam 
700 1 |a Jurkovičová, Lujza 
710 2 |a Obchodná fakulta EU. Katedra tovaroznalectva a kvality tovaru